Kvalita a významnosť značky vnímaná zákazníkom

Analýza, či existuje závislosť medzi významnosťou značky pre zákazníka a veľkosťou podniku, štruktúrou podniku, zameraním podniku, trhovou orientáciou podniku a dobou pôsobenia v sektore. Vyzistenie, či podniky sledujú kvalitu značky zisťovanú zákazníkom a významnosť značky pre zákazníka.

Salvato in:
Dettagli Bibliografici
Autore principale: Hrušovská, Dana, 1964-
Altri autori: Matušovič, Martin
Natura: Capitolo di libro
Lingua:slovacco
Soggetti:
Tags: Aggiungi Tag
Nessun Tag, puoi essere il primo ad aggiungerne!!

MARC

LEADER 00000naa$a2200000$$$4500
001 0260185
005 20240527090432.8
041 0 |a slo 
044 |a SK 
245 1 0 |a Kvalita a významnosť značky vnímaná zákazníkom  |c Dana Hrušovská, Martin Matušovič 
520 |a Analýza, či existuje závislosť medzi významnosťou značky pre zákazníka a veľkosťou podniku, štruktúrou podniku, zameraním podniku, trhovou orientáciou podniku a dobou pôsobenia v sektore. Vyzistenie, či podniky sledujú kvalitu značky zisťovanú zákazníkom a významnosť značky pre zákazníka. 
610 2 0 |a budovanie značky 
610 2 0 |a značky 
610 2 0 |a zákazníci 
610 2 0 |a kvalita 
100 1 |a Hrušovská, Dana, 1964- 
700 1 |a Matušovič, Martin